书目信息 |
| 题名: |
戴尔模式
|
|
| 作者: | ;湘财领导力发展学院 主编 | |
| 分册: | ||
| 出版信息: | 北京 中国建材工业出版社 2005 |
|
| 页数: | 244页 | |
| 开本: | 21cm | |
| 丛书名: | 世界顶尖企业特色管理模式 | |
| 单 册: | ||
| 中图分类: | F471.266 | |
| 科图分类: | ||
| 主题词: | 电子计算机工业--工业企业管理--经验--美国 , 电子计算机工业 , 工业企业管理 | |
| 电子资源: | ||
| ISBN: | 7-80159-828-8 | |
| 000 | 00972oam2 2200265 450 | |
| 001 | 002918692 | |
| 005 | 20061105084546.64 | |
| 010 | @a7-80159-828-8@dCNY22.00 | |
| 100 | @a20050317d2005 em y0chiy0110 ea | |
| 101 | 0 | @achi |
| 102 | @aCN@b110000 | |
| 105 | @aa z 000yy | |
| 200 | 1 | @a戴尔模式@9dai er mo shi@e细节管理的7个黄金法则@f湘财领导力发展学院主编 |
| 210 | @a北京@c中国建材工业出版社@d2005 | |
| 215 | @a244页@c图,照片@d21cm | |
| 225 | 2 | @a世界顶尖企业特色管理模式@v2 |
| 330 | @a戴尔成功的奥秘不是直销,而是直销背后严格的细节管理体制。本书内容包括:直接法则、差异化法则、标准化法则、创新法则、深入法则、协作法则和系统法则。 | |
| 461 | 0 | @12001 @a世界顶尖企业特色管理模式@v2 |
| 606 | 0 | @a电子计算机工业@x工业企业管理@x经验@y美国 |
| 606 | 0 | @a电子计算机工业 |
| 606 | 0 | @a工业企业管理 |
| 690 | @aF471.266@v4 | |
| 711 | 02 | @a湘财领导力发展学院@9xiang cai ling dao li fa zhan xue yuan@4主编 |
| 801 | 0 | @aCN@bNLC@c20061105 |
| 905 | @a10447@dF471.266@e36 | |
| 戴尔模式:细节管理的7个黄金法则/湘财领导力发展学院主编.-北京:中国建材工业出版社,2005 |
| 244页:图,照片;21cm.-(世界顶尖企业特色管理模式;2) |
| ISBN 7-80159-828-8:CNY22.00 |
| 戴尔成功的奥秘不是直销,而是直销背后严格的细节管理体制。本书内容包括:直接法则、差异化法则、标准化法则、创新法则、深入法则、协作法则和系统法则。 |
| ● |
| 相关链接 |
|
|
|
|
正题名:戴尔模式
索取号:F471.266/36
 
预约/预借
| 序号 | 登录号 | 条形码 | 馆藏地/架位号 | 状态 | 备注 |
| 1 | 0380109 | 203801092 | 第一样本阅览室/ [索取号:F471.266/36] | 在馆 | |
| 2 | 0380110 | 203801109 | 第一借阅区/ [索取号:F471.266/36] | 在馆 | |
| 3 | 0380111 | 203801118 | 第一借阅区/ [索取号:F471.266/36] | 在馆 | |
| 4 | 0380112 | 203801127 | 第一借阅区/ [索取号:F471.266/36] | 在馆 | |
| 5 | 0380113 | 203801136 | 第一借阅区/ [索取号:F471.266/36] | 在馆 |